Dr. S. R. Lasker Library Online Catalogue

Home      Library Home      Institutional Repository      E-Resources      MyAthens      EWU Home

Normal view MARC view

Entry Topical Term

Number of records used in: 1

001 - CONTROL NUMBER

  • control field: 2079

003 - CONTROL NUMBER IDENTIFIER

  • control field: BD-DhEWU

005 - DATE AND TIME OF LATEST TRANSACTION

  • control field: 20130831091213.0

008 - FIXED-LENGTH DATA ELEMENTS

  • fixed length control field: 130831|| aca||aabn | a|a d

040 ## - CATALOGING SOURCE

  • Original cataloging agency: BD-DhEWU
  • Transcribing agency: BD-DhEWU

150 ## - HEADING--TOPICAL TERM

  • Topical term or geographic name as entry element: Literature, Modern
  • Chronological subdivision: 19th century
  • General subdivision: History and criticism.

670 ## - SOURCE DATA FOUND

  • Source citation: Work cat.: (BD-DhEWU)0: Bhabha, Homi K., 1949- 2077, The location of culture /, 2004.